Autocad 2000: an introductory course (Record no. 84474)
[ view plain ]
| 000 -LEADER | |
|---|---|
| fixed length control field | 00735nam a2200193 a 4500 |
| 008 - FIXED-LENGTH DATA ELEMENTS--GENERAL INFORMATION | |
| fixed length control field | 120416s2001 ||||||||||||||||| || u |
| 020 ## - INTERNATIONAL STANDARD BOOK NUMBER | |
| International Standard Book Number | 0750647221 |
| 050 ## - LIBRARY OF CONGRESS CALL NUMBER | |
| Classification number | QA 76.73.A8 Maw |
| 100 ## - MAIN ENTRY--PERSONAL NAME | |
| Personal name | Mawdsley, I |
| 245 10 - TITLE STATEMENT | |
| Title | Autocad 2000: an introductory course |
| 260 ## - PUBLICATION, DISTRIBUTION, ETC. | |
| Place of publication, distribution, etc. | Oxford: |
| Name of publisher, distributor, etc. | Newnes |
| Date of publication, distribution, etc. | 2001. |
| 300 ## - PHYSICAL DESCRIPTION | |
| Extent | vii, 292 p. : ill. |
| 350 ## - | |
| -- | 0.00 |
| 650 ## - SUBJECT ADDED ENTRY--TOPICAL TERM | |
| Topical term or geographic name entry element | COMPUTER-AIDED DESIGN |
| 650 ## - SUBJECT ADDED ENTRY--TOPICAL TERM | |
| Topical term or geographic name entry element | TEXTBOOKS |
| 650 ## - SUBJECT ADDED ENTRY--TOPICAL TERM | |
| Topical term or geographic name entry element | COMPUTING |
| 995 ## - | |
| -- | SHORT LOAN BOOKS |
| -- | 0.00 |
| -- | 734309 |
| -- | CBU-MAIN LIBRARY (Kitwe) |
| -- | 2 |
| -- | 29.95 |
| -- | QA 76.73.A8 Maw |
| -- | 2 |
| -- | AVAILABLE |
| -- | Jul 14, 2006 |
| -- | 46506 |
| -- | Short Loan Collection |
| 995 ## - | |
| -- | SHORT LOAN BOOKS |
| -- | 0.00 |
| -- | 736728 |
| -- | CBU-MAIN LIBRARY (Kitwe) |
| -- | 1 |
| -- | 29.95 |
| -- | QA 76.73.A8 Maw |
| -- | 1 |
| -- | AVAILABLE |
| -- | 40036 |
| -- | Short Loan Collection |
| 999 ## - | |
| -- | 84474 |
| -- | 84474 |
| Withdrawn status | Lost status | Source of classification or shelving scheme | Damaged status | Not for loan | Permanent Location | Current Location | Shelving location | Date acquired | Total Checkouts | Full call number | Barcode | Date last seen | Copy number | Price effective from | Koha item type |
|---|---|---|---|---|---|---|---|---|---|---|---|---|---|---|---|
| CBU-MAIN LIBRARY, KITWE. | CBU-MAIN LIBRARY, KITWE. | 01/25/2024 | QA 76.73.A8 Maw | 46506 | 01/25/2024 | 1 | 01/25/2024 | SHORT LOAN COLLECTION | |||||||
| CBU-MAIN LIBRARY, KITWE. | CBU-MAIN LIBRARY, KITWE. | 01/25/2024 | QA 76.73.A8 Maw | 40036 | 01/25/2024 | 2 | 01/25/2024 | SHORT LOAN COLLECTION |